South East England Development Agency (Record no. 119927)

MARC details
000 -LEADER
fixed length control field 00722cam a2200193 4500
001 - CONTROL NUMBER
control field WS114897
008 - FIXED-LENGTH DATA ELEMENTS--GENERAL INFORMATION
fixed length control field 010927n 000 0 eng u
035 ## - SYSTEM CONTROL NUMBER
System control number (Sirsi) u114897
110 ## - MAIN ENTRY--CORPORATE NAME
Corporate name or jurisdiction name as entry element South East England Development Agency
9 (RLIN) 4152
245 ## - TITLE STATEMENT
Title South East England Development Agency
520 ## - SUMMARY, ETC.
Summary, etc. Web site for this regional development agency. Includes links to their journal 'SEView', details of relocating to the area and pages on enterprise hubs.
650 ## - SUBJECT ADDED ENTRY--TOPICAL TERM
Topical term or geographic name entry element LOCAL GOVERNMENT
650 ## - SUBJECT ADDED ENTRY--TOPICAL TERM
Topical term or geographic name entry element REGIONAL DEVELOPMENT AGENCIES
650 ## - SUBJECT ADDED ENTRY--TOPICAL TERM
Topical term or geographic name entry element SOUTH EAST
650 ## - SUBJECT ADDED ENTRY--TOPICAL TERM
Topical term or geographic name entry element ENTERPRISE HUBS
690 ## - LOCAL SUBJECT ADDED ENTRY--TOPICAL TERM (OCLC, RLIN)
Topical term or geographic name as entry element REGENERATION
856 40 - ELECTRONIC LOCATION AND ACCESS
Uniform Resource Identifier <a href="https://www.seeda.co.uk">https://www.seeda.co.uk</a>
Public note View the website free of charge at www.seeda.co.uk...
942 ## - ADDED ENTRY ELEMENTS (KOHA)
Suppress in OPAC 0
Holdings
Withdrawn status Lost status Source of classification or shelving scheme Damaged status Not for loan Home library Current library Shelving location Date acquired Total Checkouts Full call number Barcode Date last seen Copy number Price effective from Koha item type
    Dewey Decimal Classification     Virtual Virtual Online 27/09/2001   WEB SITE 114897-2001 06/08/2019 1 06/08/2019 Online material